LEADER 01091nam a2200241 i 4500 001 000000159294 003 CaOOAMICUS 005 20070222000000.0 008 070222s1955 it u000 u ita u 013 $a136657 040 $aSeMil$bita 100 1 $aCassa di Risparmio delle Province Lombarde .$0(OLS)http://semarc/name/2274 245 14$aGli affreschi del Santuario di Saronno /$cCassa di Risparmio delle Province Lombarde. 260 $aMilano :$bAmilcare Pizzi,$c1955. 300 $a[30] p., [14] c. di tav. ;$c37 cm. 500 $aIn allegato : fascicoletto. 650 4$aSaronno - Santuario della Beata Vergine dei Miracoli - Affreschi.$0(OLS)http://semarc/subject/17136 850 $aSeMil 852 $aSeMil$W1$xVenegono$y1$m5Q XII 8$j110852$B110852$CSeMilBibl$Z2$F120462 $8I 852 $aSeMil$W1$xVenegono$y1$m598 646 *$j233524$B241931$CSeMilBibl$Z2$F241931 $81 961 $aRecupero: Altro 996 $6245$aGli affreschi del Santuario di Saronno$9(OLS)http://semarc/title/141183 996 $6260$aMilano :$bAmilcare Pizzi$9(OLS)http://semarc/publisher/32444 LEADER 01199nam a2200301 i 4500 001 000000141024 003 CaOOAMICUS 005 20181031091930.0 008 050704s1990 it u000 u ita u 013 $a115253 020 $a88-15-02475-1 040 $aSeMil$bita 100 1 $aHeller, Agnes,$d<1929-2019>.$0(OLS)http://semarc/name/26279 240 10$aBeyond justice.$0(OLS)http://semarc/title/419633 245 10$aOltre la giustizia /$cAgnes Heller. 260 $aBologna :$bIl Mulino,$c1990. 300 $a430 p. ;$c21 cm. 500 $aContiene : Indice dei nomi. 500 $aCollezione di testi e di studi. Filosofia 650 4$aGiustizia .$0(OLS)http://semarc/subject/4119 830 0$aCollezione di testi e di studi. Filosofia.$0(OLS)http://semarc/title/5964 850 $aSeMil 852 $aSeMil$W1$xVenegono$y1$m3L III 64$j212760$B94290$CSeMilBibl$Z2$F99969 $81 961 $aLascito: Corradi mons. Enrico 996 $6020$a88-15-02475-1$9(OLS)http://semarc/number/129194 996 $6245$aOltre la giustizia$9(OLS)http://semarc/title/206072 996 $6260$aBologna :$bIl Mulino$9(OLS)http://semarc/publisher/29842